| 000 | 00711nam a2200229 a 4500 | ||
|---|---|---|---|
| 005 | 20140310183611.0 | ||
| 008 | 120825s19uu xx 00 eng d | ||
| 020 | _a0534636217 | ||
| 050 |
_aHD 30.3 _b.C655 2005 |
||
| 100 | _aConrad, Charles | ||
| 245 |
_aStrategic organizational communication : _bin a global economy / _cCharles Conrad, Marshell Scott Poole |
||
| 250 | _a6th ed. | ||
| 260 |
_aU.S.A : _bWadsworth, _c2005. |
||
| 300 |
_axii, 484 p. : _bill. ; _c24 cm. |
||
| 521 | _aBSBA | ||
| 650 | _aCommunication in organization | ||
| 650 | _aCommunication in management | ||
| 650 |
_aCommunication _xSocial aspects |
||
| 700 | _aPoole, Marshall Scott | ||
| 942 |
_cBK _2lcc _kFOR |
||
| 999 |
_c25248 _d25248 |
||